• 首页
  • 本馆介绍
  • 公告通知
  • 最新文献
  • 馆藏检索
  • 电子资源
  • 读者导购
  • 参考咨询
  • 我的图书馆
  • 登录
  • 详细信息显示
  • 放入我的书架
  • 预约/预借图书
  • 作者相关作品
  • 分类相关作品
  • 丛书相关作品
  • 出版社相关作品

书目信息

  • 表格格式
  • 工作单格式
  • 卡片格式
题名:
金属材料及热处理
    
 
作者: 史美堂 主编
分册:  
出版信息: 上海   上海科学技术出版社  1980.7
页数: 256页
开本: 26cm
丛书名:
单 册:
中图分类: TG14
科图分类:
主题词: 金属材料
电子资源:
ISBN:
000 00513nam0 2200181 45
001 0312221749
005 20060815175100.87
010    @dCNY1.55
100    @a20031222d1980 km y0chiy0120 ea
101    @achi
200 1  @a金属材料及热处理@AJin Shu Cai Liao Ji Re Chu Li@f史美堂主编@Fshi mei tang zhu bian
210    @a上海@c上海科学技术出版社@d1980.7
215    @a256页@d26cm
606 0  @a金属材料
690    @aTG14@v3
701 0  @a史美堂@Ashi mei tang@4主编
801    @aCN@bTSTCL@c20060815
905    @a213230@dTG14@e34
    
    金属材料及热处理/史美堂主编.-上海:上海科学技术出版社,1980.7
    256页;26cm
    
    
    ISBN :CNY1.55
    
●
相关链接 在E读中查询图书 在五车中查询图书 在当当中查询图书 在豆瓣中查询图书


正题名:金属材料及热处理     索取号:TG14/34         预约/预借

序号 登录号 条形码 馆藏地/架位号 状态 备注
1 0062472   202366643   密集书库/ [索取号:TG14/34] 在馆    
2 0062473   202325732   密集书库/ [索取号:TG14/34] 在馆    
3 0062474   202325723   密集书库/ [索取号:TG14/34] 在馆    
4 0458454   204584547   密集书库/ [索取号:TG14/34] 在馆    
5 0458455   204584556   密集书库/ [索取号:TG14/34] 在馆    
6 0458456   204584565   密集书库/ [索取号:TG14/34] 在馆    
欢迎您!
大连网信软件有限公司© 版权所有